| 000 | 00548cam a22002051 4500 | ||
|---|---|---|---|
| 001 | 759834 | ||
| 005 | 20180123033207.0 | ||
| 008 | 710201s1968 mau 000 0 eng | ||
| 010 | _a 68025905 | ||
| 040 |
_aDLC _cDLC _dDLC |
||
| 041 | _aeng | ||
| 080 | _a309.223573 HAP | ||
| 082 | 0 | 0 | _a309.223573 HAP |
| 100 | 1 | _a19 | |
| 101 | _aPOL | ||
| 245 | 1 | 0 |
_aAgents of change; _cby David Hapgood [and] Meridan Bennett. |
| 350 | _a$5.95 | ||
| 906 |
_a7 _bcbc _corignew _du _eocip _f19 _gy-gencatlg |
||
| 942 |
_2ddc _cBK |
||
| 999 |
_c40700 _d40700 |
||